Evaluación y control de calidad de aguas residuales usadas para riego en San Rafael de Ojo de Agua

Đã lưu trong:
Chi tiết về thư mục
Tác giả chính: Rojas Umaña, Roberto
Định dạng: Sách
Được phát hành: [San José , Costa Rica] 1996
Những chủ đề:
Các nhãn: Thêm thẻ
Không có thẻ, Là người đầu tiên thẻ bản ghi này!

MARC

LEADER 00000nam a2200000Ia 4500
003 007878
005 20221231144248.0
008 140114s1995 cr a m 000 ||s d
040 |c cru CEDI 
090 |a TFG 3425 
100 |a Rojas Umaña, Roberto  |9 10423 
245 |a Evaluación y control de calidad de aguas residuales usadas para riego en San Rafael de Ojo de Agua 
260 |c 1996  |a [San José , Costa Rica] 
300 |a 241 hojas : ilustraciones  
500 |a  Tesis (licenciatura en ingeniería civil)--Universidad de Costa Rica. Facultad de Ingeniería. Escuela de Ingeniería Civil 
650 |x CALIDAD DEL AGUA   |x RIEGO CON AGUAS RESIDUALES  |9 10424 
942 |c TFG  |2 ddc 
999 |c 19249  |d 19249